| 000 | 00688nam a22002297a 4500 | ||
|---|---|---|---|
| 005 | 20170124110052.0 | ||
| 010 | _aA-996785 | ||
| 020 |
_c00.00 _a8170943353 |
||
| 035 | _aB-031417 | ||
| 037 | _bCen Lib/Ret | ||
| 040 |
_aDPL _bEN |
||
| 082 |
_a657.023 _bKHA |
||
| 100 |
_aKhanna, Meera _925614 |
||
| 245 |
_aCareers in chartered accountancy / _cby Meera Khanna |
||
| 260 |
_aNew Delhi _bVision Books _c1999 |
||
| 270 |
_a 24, Feroze Gandhi Road, Lajpat Nagar 3 _bNew Delhi _e110024 |
||
| 300 |
_a127p. _c21cm(Hb) |
||
| 500 | _aIncludes appendix | ||
| 650 |
_aChartered accountants _925615 |
||
| 650 |
_aCa course _925616 |
||
| 942 |
_2ddc _cEN _h657.023 _mKHA |
||
| 999 |
_c129166 _d129166 |
||